[Event "I Open Basso Veronese"]
[Site "Casaleone ITA"]
[Date "2008.11.16"]
[Round "2"]
[White "Faccia, Sergio"]
[Black "Negro, Raffaele"]
[Result "1-0"]
[WhiteElo "2040"]
[BlackElo "1824"]
[PlyCount "27"]
[EventDate "2008.11.15"]

1. e4 g6 2. d4 Bg7 3. Nc3 d6 4. f4 a6 5. Nf3 b5 6. a3 Bb7 7. Be2 Nd7 8. O-O e6
9. f5 Ne7 10. fxe6 fxe6 11. Ng5 Nf8 12. Nf7 Qd7 13. Nxh8 Bxh8 14. Bh6 1-0

[Event "I Open Basso Veronese"]
[Site "Casaleone ITA"]
[Date "2008.11.16"]
[Round "2"]
[White "Jimchi, Abdelaziz"]
[Black "Guerra, Alessandro"]
[Result "0-1"]
[WhiteElo "1893"]
[BlackElo "2195"]
[PlyCount "74"]
[EventDate "2008.11.15"]

1. d4 Nf6 2. c4 d6 3. Nc3 Nbd7 4. Bg5 e5 5. e3 c6 6. Bd3 Qa5 7. Bxf6 Nxf6 8.
Nge2 g6 9. dxe5 Qxe5 10. O-O Bg7 11. h3 O-O 12. Qc2 d5 13. cxd5 Nxd5 14. Nxd5
Qxd5 15. Rfd1 Qe5 16. Rab1 Be6 17. Bc4 Qc5 18. b3 Rad8 19. Bd3 Qg5 20. Nf4 Bc8
21. Qe2 Be5 22. Qf3 Rd6 23. Kh2 Qf6 24. g3 Rfd8 25. Be2 Rd2 26. Rxd2 Rxd2 27.
Rd1 Rxa2 28. Kg2 Bc7 29. h4 h6 30. Rd4 Rb2 31. Qe4 Kf8 32. Qd3 Bf5 33. Qc3 Be4+
34. f3 Rxe2+ 35. Kf1 Rc2 36. Qb4+ c5 37. Rd8+ Qxd8 0-1

[Event "I Open Basso Veronese"]
[Site "Casaleone ITA"]
[Date "2008.11.16"]
[Round "2"]
[White "Marcori, Mirko"]
[Black "Lazic, Miroljub"]
[Result "0-1"]
[WhiteElo "1911"]
[BlackElo "2472"]
[PlyCount "98"]
[EventDate "2008.11.15"]

1. d4 d5 2. Nf3 Nf6 3. e3 e6 4. Bd3 c5 5. c3 Nbd7 6. Nbd2 Bd6 7. b3 O-O 8. Bb2
b6 9. Rc1 Bb7 10. Bb1 Qe7 11. O-O e5 12. dxe5 Nxe5 13. Qc2 Bc7 14. Nxe5 Qxe5
15. Nf3 Qh5 16. Qf5 Qh6 17. Qg5 Bxh2+ 18. Kh1 Qxg5 19. Nxg5 Bc7 20. c4 Ne4 21.
Bxe4 dxe4 22. Rcd1 Rad8 23. Nh3 f5 24. Nf4 Kf7 25. Nd5 Bxd5 26. cxd5 Bd6 27.
Rd2 g6 28. g3 Rfe8 29. Kg2 Be5 30. Bxe5 Rxe5 31. Rfd1 Re7 32. Kh3 Red7 33. Kh4
Kf6 34. g4 Ke5 35. gxf5 Kxf5 36. Kg3 Ke5 37. f4+ exf3 38. Kxf3 Rxd5 39. Rxd5+
Rxd5 40. Rh1 Rd7 41. Rh4 Rf7+ 42. Ke2 h5 43. Ra4 g5 44. Rc4 h4 45. Rg4 Kf5 46.
Rg1 g4 47. Kd3 g3 48. e4+ Kg4 49. e5 h3 0-1

[Event "I Open Basso Veronese"]
[Site "Casaleone ITA"]
[Date "2008.11.16"]
[Round "2"]
[White "Marino, Francesco V."]
[Black "Cavalleri, Giuseppe"]
[Result "1-0"]
[WhiteElo "1686"]
[BlackElo "1676"]
[PlyCount "77"]
[EventDate "2008.11.15"]

1. c4 e5 2. Nc3 d6 3. g3 f5 4. d3 Nf6 5. Bg2 c6 6. Nf3 Be7 7. O-O O-O 8. b4 Qc7
9. Qb3 h6 10. b5 Kh7 11. Bd2 g5 12. Rac1 Be6 13. Qb1 Nbd7 14. a4 Rg8 15. Ne1
Nf8 16. bxc6 bxc6 17. Qc2 Ng6 18. Qd1 Qd7 19. Kh1 g4 20. f4 h5 21. e4 h4 22.
exf5 Bxf5 23. Be4 hxg3 24. hxg3 Kg7 25. Kg2 Rh8 26. fxe5 Bxe4+ 27. Nxe4 Nxe4
28. dxe4 Nxe5 29. Bc3 Qe6 30. Rf5 Qg6 31. Bxe5+ dxe5 32. Qd7 Qd6 33. Rd1 Qxd7
34. Rxd7 Rhe8 35. Rxe5 Kf6 36. Nd3 Rab8 37. Rf5+ Ke6 38. Rxa7 Rb3 39. Nf4+ 1-0

[Event "I Open Basso Veronese"]
[Site "Casaleone ITA"]
[Date "2008.11.16"]
[Round "2"]
[White "Pisani, Valerio"]
[Black "Zanchetta, Nicola"]
[Result "0-1"]
[WhiteElo "1935"]
[BlackElo "1752"]
[PlyCount "57"]
[EventDate "2008.11.15"]

1. Nf3 d5 2. d4 Nf6 3. e3 Bf5 4. Bd3 Bxd3 5. Qxd3 c6 6. O-O e6 7. Nbd2 Bd6 8.
Ne5 Nbd7 9. f4 O-O 10. c4 c5 11. b3 cxd4 12. exd4 dxc4 13. bxc4 Nxe5 14. fxe5
Bxe5 15. Nf3 Bd6 16. Bg5 Be7 17. Rab1 b6 18. Ne5 Rc8 19. Rbd1 Nd7 20. Bf4 Nxe5
21. Bxe5 Bd6 22. Qb3 Bxe5 23. dxe5 Qc7 24. Rfe1 Qxc4 25. Qxc4 Rxc4 26. Rd7 Ra4
27. Re2 b5 28. Kf2 Rc8 29. Rc2 0-1

[Event "I Open Basso Veronese"]
[Site "Casaleone ITA"]
[Date "2008.11.16"]
[Round "2"]
[White "Pomante, Sergio"]
[Black "Del Colle, Raffaele"]
[Result "1/2-1/2"]
[WhiteElo "1490"]
[BlackElo "1617"]
[PlyCount "87"]
[EventDate "2008.11.15"]

1. e4 c5 2. Nf3 e6 3. d4 cxd4 4. Nxd4 Nc6 5. Nc3 d6 6. Be2 Nf6 7. Bg5 Be7 8.
Qd2 a6 9. O-O-O Qc7 10. f3 Ne5 11. h4 b5 12. a3 Bb7 13. g4 Rc8 14. Be3 Nc4 15.
Bxc4 Qxc4 16. g5 Nd7 17. Qd3 Qxd3 18. Rxd3 Ne5 19. Rdd1 Nc4 20. Bf2 Nxa3 21.
bxa3 Rxc3 22. Kb2 Rc8 23. Rd3 O-O 24. Rhd1 d5 25. exd5 Bxd5 26. Ne2 Rfd8 27.
Nc3 Bc4 28. Rxd8+ Rxd8 29. Rxd8+ Bxd8 30. Be3 Kf8 31. Ne4 Bd5 32. Bc5+ Be7 33.
Bxe7+ Kxe7 34. Kc3 Bxe4 35. fxe4 Kd6 36. Kd4 e5+ 37. Kc3 Kc5 38. h5 a5 39. h6
g6 40. Kd3 Kd6 41. Ke3 Kc5 42. Kd3 Kc6 43. Kc3 Kc5 44. Kd3 1/2-1/2

[Event "I Open Basso Veronese"]
[Site "Casaleone ITA"]
[Date "2008.11.16"]
[Round "2"]
[White "Temporin, Alberto"]
[Black "Bertani, Gianfranco"]
[Result "1/2-1/2"]
[WhiteElo "1892"]
[BlackElo "2106"]
[PlyCount "165"]
[EventDate "2008.11.15"]

1. e4 c5 2. Nf3 d6 3. h3 g6 4. Bc4 Bg7 5. Nc3 Nc6 6. a4 Nf6 7. d3 O-O 8. O-O e6
9. Bg5 h6 10. Bh4 g5 11. Bg3 Nh5 12. Bh2 Nf4 13. Bxf4 gxf4 14. Nh2 Qg5 15. Qg4
Ne5 16. Qxg5 hxg5 17. Bb3 a6 18. a5 Bd7 19. Ba4 Nc6 20. Bxc6 Bxc6 21. Nf3 Bf6
22. Na4 Be7 23. Nb6 Rad8 24. Rfe1 e5 25. c4 f5 26. Nd5 Bxd5 27. cxd5 g4 28.
hxg4 fxg4 29. Nd2 Rf6 30. Kf1 Rh6 31. Ke2 Kf7 32. Rh1 Rdh8 33. Rxh6 Rxh6 34. f3
Rh2 35. Rg1 Bd8 36. Nc4 gxf3+ 37. Kxf3 Bc7 38. Rb1 Rh8 39. b4 cxb4 40. Rxb4 Rb8
41. d4 exd4 42. Kxf4 Ke7 43. Kf3 Kd7 44. Nb6+ Bxb6 45. axb6 Rf8+ 46. Ke2 Rg8
47. Rc4 Rxg2+ 48. Kd3 Rb2 49. Rc7+ Kd8 50. Rxb7 Kc8 51. Rc7+ Kd8 52. Rc6 Kd7
53. Kxd4 a5 54. Rc7+ Kd8 55. Ra7 Rxb6 56. Rxa5 Rb7 57. Ra8+ Kc7 58. Rh8 Rb1 59.
Rh7+ Kd8 60. Ke3 Rf1 61. Rh2 Ke7 62. Rh7+ Kd8 63. Rh3 Ke7 64. Rf3 Re1+ 65. Kf4
Rh1 66. Kg5 Rg1+ 67. Kf5 Rg8 68. Kf4 Rg1 69. Rh3 Rf1+ 70. Ke3 Re1+ 71. Kd4 Rc1
72. Rh7+ Kd8 73. Rh6 Kd7 74. Re6 Rd1+ 75. Ke3 Rf1 76. Rg6 Rf7 77. Rg5 Rf1 78.
Rf5 Re1+ 79. Kf4 Ke7 80. Rh5 Rf1+ 81. Kg5 Rg1+ 82. Kf5 Rf1+ 83. Kg5 1/2-1/2

[Event "I Open Basso Veronese"]
[Site "Casaleone ITA"]
[Date "2008.11.16"]
[Round "2"]
[White "Vicentini, Giovanni"]
[Black "De Grandi, Samuele"]
[Result "1-0"]
[WhiteElo "1533"]
[BlackElo "1440"]
[PlyCount "117"]
[EventDate "2008.11.15"]

1. d4 d6 2. c4 g6 3. Nf3 Bg7 4. Bg5 Nf6 5. Nc3 O-O 6. e3 c5 7. Be2 a6 8. O-O
Nc6 9. d5 Na7 10. Qb3 Rb8 11. a4 Qc7 12. Rfd1 Bd7 13. Nd2 Rfe8 14. Bf3 Bf5 15.
h3 Bc8 16. Kh1 Nd7 17. Bg4 Ne5 18. Bxc8 Rbxc8 19. f4 Nd3 20. Nde4 f5 21. Rxd3
fxe4 22. Nxe4 Rf8 23. Ng3 Rce8 24. Rf1 Qd7 25. e4 b5 26. axb5 axb5 27. f5 gxf5
28. Nxf5 Be5 29. Rdf3 Kh8 30. Bh6 Rg8 31. Qe3 Bf6 32. Rg3 Rxg3 33. Qxg3 Rg8 34.
Qe3 bxc4 35. Rf3 Qe8 36. Rg3 Rxg3 37. Qxg3 Qg6 38. Qxg6 hxg6 39. Ne3 c3 40.
bxc3 Bxc3 41. Bf8 Bf6 42. Ng4 Bg5 43. g3 Kg8 44. Bh6 Bxh6 45. Nxh6+ Kg7 46. Ng4
Nb5 47. Kg2 c4 48. Ne3 c3 49. Nc2 Kf6 50. Kf3 Kf7 51. Ke3 Kf6 52. Kd3 Ke5 53.
Kc4 Kxe4 54. Kxb5 Kd3 55. Nb4+ Kd2 56. Kc6 c2 57. Nxc2 Kxc2 58. Kd7 Kd3 59.
Kxe7 1-0

[Event "I Open Basso Veronese"]
[Site "Casaleone ITA"]
[Date "2008.11.16"]
[Round "3"]
[White "Bellini, Luca"]
[Black "Marcori, Mirko"]
[Result "1/2-1/2"]
[WhiteElo "1599"]
[BlackElo "1911"]
[PlyCount "76"]
[EventDate "2008.11.15"]

1. e4 c5 2. Nc3 Nc6 3. d3 Nf6 4. Nf3 d6 5. h3 e6 6. Be3 Be7 7. Qd2 a6 8. Be2 b5
9. g4 b4 10. Na4 e5 11. g5 Nd7 12. h4 Nb6 13. Nxb6 Qxb6 14. h5 Be6 15. Nh4 g6
16. f4 exf4 17. Bxf4 Nd4 18. Nf3 Nxe2 19. Qxe2 gxh5 20. Rxh5 Bg4 21. Rh4 h5 22.
Qg2 O-O-O 23. O-O-O Rdg8 24. Rdh1 Bxf3 25. Qxf3 Bxg5 26. Rxh5 Bxf4+ 27. Qxf4
Rxh5 28. Rxh5 Qc7 29. Rh1 Qe7 30. Rf1 Rf8 31. Qf5+ Kc7 32. Qd5 f6 33. Qf5 Qf7
34. b3 Qe7 35. Rh1 Rf7 36. Rh8 Rf8 37. Rh7 Rf7 38. Rh8 Rf8 1/2-1/2

[Event "I Open Basso Veronese"]
[Site "Casaleone ITA"]
[Date "2008.11.16"]
[Round "3"]
[White "Bertani, Gianfranco"]
[Black "Marino, Francesco V."]
[Result "1-0"]
[WhiteElo "2106"]
[BlackElo "1686"]
[PlyCount "123"]
[EventDate "2008.11.15"]

1. d4 Nf6 2. Nf3 e6 3. e3 b6 4. Bd3 Bb7 5. Nbd2 d5 6. Qe2 Ne4 7. O-O f5 8. Ne5
g6 9. f3 Nxd2 10. Bxd2 Bg7 11. f4 O-O 12. g4 Nd7 13. gxf5 exf5 14. Qg2 Nf6 15.
Rf3 Ne4 16. Kh1 Bxe5 17. fxe5 Qe7 18. Rg1 Rf7 19. Be1 Kf8 20. Rh3 Ke8 21. Bxe4
fxe4 22. Bh4 Qe6 23. Bf6 Kd7 24. Rf1 Raf8 25. Rf4 Kc8 26. Rfh4 Ba6 27. Qg4 Qxg4
28. Rxg4 Be2 29. Rf4 Kd7 30. Rg3 Ke6 31. Kg1 c5 32. Rf2 Bf3 33. c3 Rc8 34. Rc2
Kf5 35. Rg5+ Ke6 36. Kf2 Bh5 37. Rg1 cxd4 38. exd4 b5 39. Ke3 h6 40. h4 a5 41.
b3 Rfc7 42. Rgc1 Bf3 43. Kf4 Rc6 44. Rg1 Bh5 45. Rg3 Kf7 46. a3 Bf3 47. c4 bxc4
48. bxc4 Rxc4 49. Rb2 Bh5 50. Rb7+ R8c7 51. Rgb3 Bd1 52. R3b5 a4 53. Rxc7+ Rxc7
54. Rxd5 Bc2 55. Rd8 Rc3 56. d5 Rf3+ 57. Kg4 Bd1 58. Bh8 Rxa3+ 59. Kf4 e3 60.
e6+ Ke7 61. Rd7+ Ke8 62. Bf6 1-0

[Event "I Open Basso Veronese"]
[Site "Casaleone ITA"]
[Date "2008.11.16"]
[Round "3"]
[White "Cavalleri, Giuseppe"]
[Black "Vicentini, Giovanni"]
[Result "1/2-1/2"]
[WhiteElo "1676"]
[BlackElo "1533"]
[PlyCount "97"]
[EventDate "2008.11.15"]

1. d4 Nf6 2. c4 e6 3. Nc3 Bb4 4. Bd2 d5 5. e3 O-O 6. Nf3 Nbd7 7. Be2 dxc4 8.
Bxc4 b6 9. O-O Bb7 10. Qe2 a6 11. a3 Bd6 12. e4 e5 13. d5 b5 14. Bd3 c6 15. Bg5
h6 16. Bh4 Nb6 17. dxc6 Bxc6 18. Rfd1 Qe7 19. Rd2 Rfd8 20. Rad1 Rd7 21. Qe3 Bc5
22. Qe2 Rad8 23. Bg3 Bd6 24. b4 Rc8 25. Rc1 Rdc7 26. Rdc2 Kf8 27. Nh4 Bd7 28.
Nd1 Be6 29. Ne3 g6 30. h3 Rxc2 31. Rxc2 Rxc2 32. Qxc2 Qc7 33. Qxc7 Bxc7 34. Nf3
Nfd7 35. Kf1 Ke7 36. Ke2 Na4 37. Kd2 Kd6 38. Nd1 Nab6 39. Nc3 Bc4 40. Ne1 Bxd3
41. Kxd3 Nc4 42. Nc2 Nf6 43. f4 Ke6 44. fxe5 Bxe5 45. Bxe5 Kxe5 46. a4 Nb2+ 47.
Ke3 Nxa4 48. Nxa4 bxa4 49. g4 1/2-1/2

[Event "I Open Basso Veronese"]
[Site "Casaleone ITA"]
[Date "2008.11.16"]
[Round "3"]
[White "Collato, Luca"]
[Black "Andreeva, Arina"]
[Result "0-1"]
[WhiteElo "1848"]
[BlackElo "2001"]
[PlyCount "74"]
[EventDate "2008.11.15"]

1. Nf3 Nf6 2. b3 d5 3. d4 Bf5 4. Bb2 e6 5. Nbd2 Be7 6. e3 O-O 7. Be2 Nbd7 8.
Ne5 Ne4 9. f3 Nd6 10. Bd3 Bxd3 11. Nxd3 Bh4+ 12. g3 Be7 13. Qe2 Rc8 14. O-O-O
c5 15. dxc5 Nxc5 16. Nxc5 Rxc5 17. h4 Bf6 18. e4 Bxb2+ 19. Kxb2 Qa5 20. Nb1
Rfc8 21. a3 Qc7 22. Rd2 d4 23. Rh2 e5 24. f4 f6 25. g4 Qc6 26. fxe5 fxe5 27.
Rd3 Nxe4 28. Rf3 Nf6 29. Rf5 e4 30. Rxc5 Qxc5 31. g5 Qe5 32. Ka2 Nd5 33. Qg4
Rc7 34. Rf2 Ne3 35. Qh3 Nxc2 36. Qf1 Qe7 37. Qb5 Rc5 0-1

[Event "I Open Basso Veronese"]
[Site "Casaleone ITA"]
[Date "2008.11.16"]
[Round "3"]
[White "Del Colle, Raffaele"]
[Black "Caldonazzo, Matteo"]
[Result "0-1"]
[WhiteElo "1617"]
[BlackElo "1782"]
[PlyCount "40"]
[EventDate "2008.11.15"]

1. d4 f5 2. g3 Nf6 3. c4 g6 4. Bg2 Bg7 5. Nc3 O-O 6. Nf3 d6 7. O-O Qe8 8. d5 a5
9. Re1 Na6 10. Nb5 Bd7 11. Nbd4 c6 12. Ng5 Nc5 13. Nb3 Nfe4 14. Nxe4 Nxe4 15.
Qd3 a4 16. Nd4 a3 17. Rb1 axb2 18. Bxb2 Rxa2 19. Bxe4 fxe4 20. Qb3 Rxb2 0-1

[Event "I Open Basso Veronese"]
[Site "Casaleone ITA"]
[Date "2008.11.16"]
[Round "3"]
[White "Gioga, Michele"]
[Black "Capata, Ion"]
[Result "0-1"]
[WhiteElo "1392"]
[BlackElo "2136"]
[PlyCount "122"]
[EventDate "2008.11.15"]

1. d4 d5 2. Nf3 Nf6 3. e3 g6 4. Bd3 Bg7 5. Nbd2 Nc6 6. c3 O-O 7. O-O e5 8. dxe5
Ng4 9. Bc2 Ngxe5 10. Nxe5 Nxe5 11. e4 d4 12. cxd4 Qxd4 13. Nb3 Qc4 14. Rb1 Bg4
15. f3 Rad8 16. Bd2 Be6 17. Qc1 Rd6 18. Bc3 Nc6 19. Bxg7 Kxg7 20. Bd1 Nb4 21.
a3 Nc6 22. Qxc4 Bxc4 23. Re1 Rxd1 24. Rbxd1 Bxb3 25. Rd7 Rc8 26. Rc1 Kf6 27.
Kf2 Be6 28. Rd2 Na5 29. Rc3 c5 30. b4 Nc4 31. Rdc2 b5 32. bxc5 Rxc5 33. Rc1 Ke5
34. Rd3 f5 35. exf5 Bxf5 36. Rd8 Kf6 37. Ra8 a5 38. Rxa5 Rd5 39. Ra6+ Kg5 40.
Kg3 Rd2 41. Rf1 Rd3 42. Ra1 Rd2 43. Rf1 Ra2 44. Rf2 Ra1 45. Re2 Rxa3 46. Rxa3
Nxa3 47. Rb2 Be6 48. Rb4 Bc4 49. Kf2 Kf5 50. g3 Ke5 51. h4 Kd4 52. g4 Kc3 53.
Rxb5 Nxb5 54. Kg3 Nd4 55. h5 g5 56. f4 Ne2+ 57. Kf3 Nxf4 58. Ke4 Be6 59. Ke5
Bxg4 60. h6 Be6 61. Kf6 g4 0-1

[Event "I Open Basso Veronese"]
[Site "Casaleone ITA"]
[Date "2008.11.16"]
[Round "3"]
[White "Guerra, Alessandro"]
[Black "Zanchetta, Nicola"]
[Result "1-0"]
[WhiteElo "2195"]
[BlackElo "1752"]
[PlyCount "120"]
[EventDate "2008.11.15"]

1. e4 c5 2. Nf3 d6 3. Nc3 Nf6 4. d4 cxd4 5. Nxd4 a6 6. Bg5 Nbd7 7. Bc4 h6 8.
Bh4 g5 9. Bg3 Qb6 10. Nb3 Nc5 11. e5 Nxb3 12. axb3 dxe5 13. O-O Bg7 14. Bxe5
Be6 15. Bd4 Qc6 16. Bb5 axb5 17. Rxa8+ Bc8 18. Qe2 O-O 19. Qxb5 Re8 20. Re1 e6
21. Qxc6 bxc6 22. Ne4 Nxe4 23. Bxg7 Kxg7 24. Rxe4 Rd8 25. Re1 Kf6 26. h3 Ke7
27. Rea1 Bd7 28. b4 h5 29. c4 g4 30. hxg4 hxg4 31. b5 cxb5 32. c5 f5 33. g3 Bc6
34. R1a7+ Ke8 35. Rxd8+ Kxd8 36. Kf1 e5 37. Rf7 Bd7 38. c6 Bxc6 39. Rxf5 e4 40.
Ke2 Kc7 41. Ke3 Kb6 42. b4 Kc7 43. Rf6 Bd5 44. Kd4 Bc4 45. Kxe4 Kd7 46. f3 gxf3
47. Kxf3 Ke7 48. Rb6 Kd7 49. Ke3 Kc7 50. Rh6 Kd7 51. Kd4 Ke7 52. Kc5 Kd7 53.
Rb6 Kc7 54. Rxb5 Bxb5 55. Kxb5 Kd7 56. Kc5 Ke6 57. b5 Kf5 58. b6 Kg4 59. b7
Kxg3 60. b8=Q+ Kg4 1-0

[Event "I Open Basso Veronese"]
[Site "Casaleone ITA"]
[Date "2008.11.16"]
[Round "3"]
[White "Lazic, Miroljub"]
[Black "Faccia, Sergio"]
[Result "1-0"]
[WhiteElo "2472"]
[BlackElo "2040"]
[PlyCount "69"]
[EventDate "2008.11.15"]

1. g3 g6 2. Bg2 Nf6 3. e4 d6 4. d4 Bg7 5. Nc3 O-O 6. h3 c5 7. dxc5 dxc5 8. Qxd8
Rxd8 9. e5 Nfd7 10. f4 Nc6 11. Be3 f6 12. exf6 Nxf6 13. Bxc5 Bf5 14. Rc1 e5 15.
Nge2 exf4 16. Nxf4 g5 17. Nfe2 g4 18. O-O Bg6 19. Nf4 Bf7 20. Rce1 Rd2 21. Rf2
Rad8 22. Ne6 Rxf2 23. Bxf2 Bxe6 24. Rxe6 gxh3 25. Bxh3 Rd2 26. Bf5 Kf7 27. Re2
Rxe2 28. Nxe2 Nd5 29. c3 h6 30. Kg2 a5 31. a4 Nde7 32. Be4 Bf6 33. Nf4 Bg5 34.
Nd3 Nc8 35. Bxc6 1-0

[Event "I Open Basso Veronese"]
[Site "Casaleone ITA"]
[Date "2008.11.16"]
[Round "3"]
[White "Leone, Cataldo"]
[Black "Jimchi, Abdelaziz"]
[Result "0-1"]
[WhiteElo "1540"]
[BlackElo "1893"]
[PlyCount "96"]
[EventDate "2008.11.15"]

1. e4 d6 2. d4 Nf6 3. Nc3 c6 4. Nf3 Bg4 5. h3 Bh5 6. Be2 e6 7. O-O Be7 8. b3
Nbd7 9. Bb2 O-O 10. Re1 h6 11. Rc1 Qa5 12. a4 Rfd8 13. Bd3 Rac8 14. Re3 e5 15.
Be2 Nf8 16. Nh2 Bxe2 17. Rxe2 Ng6 18. g3 c5 19. d5 Qb6 20. Ba3 Qa5 21. Qd3 a6
22. Nb1 b5 23. axb5 axb5 24. c3 Nd7 25. Nf1 c4 26. bxc4 bxc4 27. Qd1 Rb8 28.
Bb4 Qa6 29. Ne3 Rdc8 30. Rcc2 Nc5 31. Ra2 Qb7 32. f3 Nd3 33. Ra4 Qd7 34. Rea2
Qxh3 35. Nf5 Bd8 36. Rh2 Bb6+ 37. Nd4 Qxg3+ 38. Rg2 Qf4 39. Bxd6 Qe3+ 40. Kf1
exd4 41. Bxb8 Rxb8 42. Rxc4 Ndf4 43. Rb2 d3 44. Rxb6 Rxb6 45. Rb4 Nh3 46. Kg2
Ngf4+ 47. Kg3 Rg6+ 48. Kh2 Qf2+ 0-1

[Event "I Open Basso Veronese"]
[Site "Casaleone ITA"]
[Date "2008.11.16"]
[Round "3"]
[White "Moscato, Riccardo"]
[Black "Bonini, Roberto"]
[Result "0-1"]
[WhiteElo "1434"]
[BlackElo "1843"]
[PlyCount "75"]
[EventDate "2008.11.15"]

1. d4 Nf6 2. Nf3 d5 3. c4 e6 4. e3 Be7 5. Bd3 dxc4 6. Bxc4 c6 7. O-O Nbd7 8.
Nc3 O-O 9. Bd2 Nb6 10. Bb3 Nbd5 11. Qe2 Nxc3 12. bxc3 Ne4 13. Rfc1 c5 14. Qd3
Nxd2 15. Qxd2 Qc7 16. Rab1 c4 17. Bd1 Rd8 18. Be2 e5 19. Nxe5 Qxe5 20. Bxc4 Qh5
21. Rb5 Qh6 22. Qe2 g6 23. Qf3 Qg7 24. Rcb1 Qf6 25. Qg3 Bd6 26. f4 b6 27. a4
Bd7 28. R5b2 Bxa4 29. Bd5 Bxf4 30. Rf2 Bxg3 31. Rxf6 Bxh2+ 32. Kxh2 Rxd5 33.
Rbf1 Be8 34. e4 Rdd8 35. e5 Rac8 36. e6 fxe6 37. Rf8+ Kg7 38. g3 0-1

[Event "I Open Basso Veronese"]
[Site "Casaleone ITA"]
[Date "2008.11.16"]
[Round "3"]
[White "Negro, Raffaele"]
[Black "Rondelli, Roberto"]
[Result "1-0"]
[WhiteElo "1824"]
[BlackElo "1488"]
[PlyCount "115"]
[EventDate "2008.11.15"]

1. d4 Nf6 2. c4 e6 3. a3 c5 4. d5 exd5 5. cxd5 d6 6. Nc3 g6 7. e4 Bg7 8. Bd3
O-O 9. Nge2 a6 10. a4 Re8 11. O-O Nbd7 12. Ng3 Ne5 13. Be2 Bg4 14. f3 Bc8 15.
f4 Ned7 16. h3 Qa5 17. Bd2 Qb6 18. a5 Qa7 19. Be3 b6 20. axb6 Qxb6 21. Qc2 Bb7
22. Qd2 Qc7 23. Kh1 Reb8 24. f5 Ne5 25. fxg6 fxg6 26. Bg5 Rf8 27. Rf2 Nfd7 28.
Raf1 c4 29. h4 Nc5 30. h5 Rxf2 31. Rxf2 Ncd3 32. Rf1 Qb6 33. Nd1 a5 34. Be3 Qc7
35. Nf2 Ba6 36. hxg6 hxg6 37. Bd4 Qe7 38. Kg1 Nb4 39. Rc1 Qh4 40. Qe3 Bh6 41.
Qc3 Bxc1 42. Qxc1 Qxg3 43. Qh6 Bc8 44. Bxe5 dxe5 45. d6 Be6 46. d7 Rd8 47. Ng4
Rf8 48. d8=Q Rxd8 49. Qxg6+ Kf8 50. Qf6+ Bf7 51. Qxd8+ Kg7 52. Qf6+ Kf8 53.
Bxc4 Qe1+ 54. Kh2 Ke8 55. Bb5+ Kf8 56. Nxe5 Kg8 57. Qxf7+ Kh8 58. Ng6# 1-0

[Event "I Open Basso Veronese"]
[Site "Casaleone ITA"]
[Date "2008.11.16"]
[Round "3"]
[White "Pisani, Valerio"]
[Black "Temporin, Alberto"]
[Result "0-1"]
[WhiteElo "1935"]
[BlackElo "1892"]
[PlyCount "70"]
[EventDate "2008.11.15"]

1. Nf3 Nf6 2. c4 c6 3. d4 d5 4. e3 Bf5 5. Bd3 Bxd3 6. Qxd3 Nbd7 7. O-O e6 8.
Nbd2 Be7 9. Re1 O-O 10. e4 dxe4 11. Nxe4 Nxe4 12. Qxe4 Nf6 13. Qe2 Re8 14. a3
c5 15. Be3 Qc7 16. Rac1 Rad8 17. dxc5 Bxc5 18. b4 Bxe3 19. Qxe3 b6 20. Ne5 Qd6
21. c5 bxc5 22. bxc5 Qd4 23. Qxd4 Rxd4 24. c6 Rc8 25. Rc5 Rd6 26. Rb1 Nd5 27.
g3 f6 28. c7 Rb6 29. Rxb6 axb6 30. Rxd5 exd5 31. Nd7 d4 32. Nxb6 Rxc7 33. Kf1
d3 34. Ke1 Rc2 35. a4 Re2+ 0-1

[Event "I Open Basso Veronese"]
[Site "Casaleone ITA"]
[Date "2008.11.16"]
[Round "3"]
[White "Ricci, Alfredo"]
[Black "Coratella, Giuseppe"]
[Result "1/2-1/2"]
[WhiteElo "2020"]
[BlackElo "2258"]
[PlyCount "98"]
[EventDate "2008.11.15"]

1. b3 c5 2. Bb2 Nc6 3. c4 Nf6 4. Nf3 e6 5. d4 cxd4 6. Nxd4 Bb4+ 7. Nc3 Qa5 8.
Ndb5 Ne4 9. Qd3 Nxc3 10. Nxc3 O-O 11. a3 Be7 12. b4 Qh5 13. e3 Bf6 14. Be2 Qh4
15. g3 Qh3 16. f4 d5 17. c5 b6 18. cxb6 axb6 19. O-O-O Ne7 20. g4 Bd7 21. Kb1
Rfc8 22. Rc1 g6 23. e4 Qh4 24. e5 Bg7 25. Qg3 Qxg3 26. hxg3 f6 27. Nb5 fxe5 28.
fxe5 Nc6 29. Nd6 Rf8 30. Bb5 Nxe5 31. Bxd7 Nxd7 32. Bxg7 Kxg7 33. Rc7 Rfd8 34.
Rf1 Rxa3 35. g5 Rxg3 36. Rf7+ Kg8 37. Re7 Rxg5 38. Nb7 Ra8 39. Rcxd7 Rg4 40.
Rg7+ Kh8 41. Rxh7+ Kg8 42. Rdg7+ Kf8 43. Kb2 Rxb4+ 44. Kc3 Rc4+ 45. Kb3 Rg4 46.
Rc7 Kg8 47. Rhd7 Rc4 48. Rg7+ Kh8 49. Rcd7 Raa4 1/2-1/2

[Event "I Open Basso Veronese"]
[Site "Casaleone ITA"]
[Date "2008.11.16"]
[Round "3"]
[White "Tegani, Andrea"]
[Black "De Paoli, Emilio"]
[Result "0-1"]
[WhiteElo "1398"]
[BlackElo "1608"]
[PlyCount "144"]
[EventDate "2008.11.15"]

1. c4 e5 2. Nc3 Bb4 3. Nd5 Ba5 4. b4 c6 5. bxa5 cxd5 6. cxd5 Nf6 7. e4 O-O 8.
Qa4 d6 9. Be2 Nbd7 10. d3 Nc5 11. Qc2 Bd7 12. Nf3 Rc8 13. Qd2 Nh5 14. Qg5 Nf6
15. O-O Qxa5 16. Qd2 Qd8 17. Ba3 Bg4 18. Rac1 Re8 19. Qe3 b6 20. Bxc5 dxc5 21.
Nd2 h5 22. h3 Bd7 23. f4 Qe7 24. Nc4 exf4 25. Qxf4 Qf8 26. Nd6 Nxd5 27. Qxf7+
Qxf7 28. Rxf7 Nf6 29. Rxd7 Nxd7 30. Nxe8 Rxe8 31. Bxh5 Rd8 32. Bg4 Ne5 33. Be6+
Kh8 34. Bd5 Nxd3 35. Rd1 Ne5 36. Kf2 g6 37. Ke3 Rf8 38. a3 Kg7 39. Ke2 Kh6 40.
Rf1 Rxf1 41. Kxf1 Kg5 42. Kf2 Nd3+ 43. Kg3 Kf6 44. Kg4 c4 45. Kf3 c3 46. Bb3
Ke5 47. Ke3 Ne1 48. g4 g5 49. Ke2 c2 50. Kd2 Kxe4 51. Bxc2+ Nxc2 52. Kxc2 a6
53. Kc3 Kf4 54. Kd4 Kg3 55. Kd5 Kxh3 56. Kc6 Kxg4 57. Kxb6 Kf5 58. a4 g4 59. a5
g3 60. Kxa6 g2 61. Kb7 g1=Q 62. a6 Qb1+ 63. Ka7 Ke6 64. Ka8 Qe4+ 65. Kb8 Qb4+
66. Ka8 Qf8+ 67. Kb7 Qe7+ 68. Ka8 Qd8+ 69. Kb7 Qd5+ 70. Ka7 Qc5+ 71. Kb7 Qb5+
72. Ka7 Kd7 0-1

[Event "I Open Basso Veronese"]
[Site "Casaleone ITA"]
[Date "2008.11.16"]
[Round "3"]
[White "Turazza, Andrea"]
[Black "Di Natale, Gianluca"]
[Result "1-0"]
[WhiteElo "1659"]
[BlackElo "1368"]
[PlyCount "55"]
[EventDate "2008.11.15"]

1. Nf3 d5 2. b3 Nc6 3. Bb2 Nf6 4. e3 Bg4 5. d4 e6 6. a3 Bd6 7. Nbd2 O-O 8. Bd3
Re8 9. h3 Bh5 10. g4 Bg6 11. Bxg6 hxg6 12. Ne5 Bxe5 13. dxe5 Nd7 14. f4 g5 15.
Nf3 gxf4 16. exf4 Nb6 17. Qd2 Qe7 18. h4 Qf8 19. h5 Ne7 20. O-O-O Red8 21. Rdg1
Rac8 22. g5 Nf5 23. g6 fxg6 24. hxg6 c5 25. Ng5 Qe7 26. Nf7 Nh6 27. Nxh6+ gxh6
28. Rxh6 1-0

[Event "I Open Basso Veronese"]
[Site "Casaleone ITA"]
[Date "2008.11.16"]
[Round "3"]
[White "Valentini, Luca"]
[Black "Della Sala, Bruno"]
[Result "1-0"]
[WhiteElo "1918"]
[BlackElo "1560"]
[PlyCount "49"]
[EventDate "2008.11.15"]

1. d4 Nf6 2. Nf3 d6 3. Nbd2 c6 4. e4 Bg4 5. Bd3 Nbd7 6. O-O e5 7. c3 Be7 8. h3
Bh5 9. a4 O-O 10. Re1 Rc8 11. b4 a5 12. Qb3 axb4 13. cxb4 Bg6 14. dxe5 Nxe5 15.
Nxe5 dxe5 16. Nc4 Qc7 17. Be3 Rfd8 18. Bb6 Qb8 19. Bxd8 Rxd8 20. f3 Bxb4 21.
Qxb4 Rxd3 22. Reb1 Rd7 23. Qc5 Ne8 24. Nxe5 Rc7 25. Nxc6 1-0

[Event "I Open Basso Veronese"]
[Site "Casaleone ITA"]
[Date "2008.11.16"]
[Round "3"]
[White "Zonta, Riccardo"]
[Black "Pomante, Sergio"]
[Result "1-0"]
[WhiteElo "1527"]
[BlackElo "1490"]
[PlyCount "91"]
[EventDate "2008.11.15"]

1. e4 d6 2. d4 Nf6 3. f3 g6 4. Nc3 Bg7 5. Be3 O-O 6. Qd2 Nc6 7. Bc4 e6 8. Nge2
d5 9. exd5 exd5 10. Bd3 Re8 11. O-O-O Nb4 12. Nf4 Nxd3+ 13. Nxd3 c6 14. h4 h5
15. Nf2 Bf5 16. Rdg1 Qd7 17. Ncd1 Re7 18. Bg5 Rae8 19. Ne3 Kh7 20. g4 hxg4 21.
fxg4 Ne4 22. Nxe4 Bxe4 23. Rh2 f6 24. Bf4 Bf3 25. Qf2 Be4 26. g5 f5 27. c3 Kg8
28. h5 Kf7 29. hxg6+ Kxg6 30. Qh4 Rh8 31. Qg3 Ree8 32. Rh6+ Kf7 33. Rd6 Qc8 34.
g6+ Kf8 35. Rf6+ Kg8 36. Rf7 Re6 37. Rxg7+ Kxg7 38. Be5+ Rxe5 39. Qxe5+ Kh6 40.
g7 Re8 41. Qf6+ Kh7 42. Qh4+ Kg8 43. Qh8+ Kf7 44. g8=Q+ Rxg8 45. Rg7+ Ke6 46.
Qh6# 1-0